医師養成課程を置く大学・大学校 - Statistics

General Stats
  • This quiz has been taken 6 times
  • The average score is 76 of 82
Answer Stats
国公私立の区分 Answer % Correct
国立 北海道大学
100%
旭川医科大学
100%
弘前大学
100%
東北大学
100%
秋田大学
100%
山形大学
100%
筑波大学
100%
群馬大学
100%
千葉大学
100%
東京大学
100%
東京科学大学
100%
新潟大学
100%
富山大学
100%
金沢大学
100%
福井大学
100%
山梨大学
100%
信州大学
100%
岐阜大学
100%
浜松医科大学
100%
名古屋大学
100%
三重大学
100%
滋賀医科大学
100%
京都大学
100%
大阪大学
100%
神戸大学
100%
鳥取大学
100%
島根大学
100%
岡山大学
100%
広島大学
100%
山口大学
100%
香川大学
100%
愛媛大学
100%
高知大学
100%
九州大学
100%
佐賀大学
100%
長崎大学
100%
熊本大学
100%
大分大学
100%
宮崎大学
100%
鹿児島大学
100%
琉球大学
100%
公立 札幌医科大学
100%
福島県立医科大学
100%
横浜市立大学
100%
名古屋市立大学
100%
京都府立医科大学
100%
大阪公立大学
100%
奈良県立医科大学
100%
和歌山県立医科大学
100%
私立 岩手医科大学
100%
東北医科薬科大学
100%
自治医科大学
100%
杏林大学
100%
慶應義塾大学
100%
東京医科大学
100%
東京女子医科大学
100%
日本大学
100%
日本医科大学
100%
愛知医科大学
100%
藤田医科大学
100%
川崎医科大学
100%
久留米大学
100%
大学校 防衛医科大学校
100%
徳島大学
83%
埼玉医科大学
83%
聖マリアンナ医科大学
83%
関西医科大学
83%
兵庫医科大学
83%
産業医科大学
83%
福岡大学
83%
順天堂大学
67%
帝京大学
67%
東京慈恵会医科大学
67%
北里大学
67%
東海大学
67%
大阪医科薬科大学
67%
獨協医科大学
50%
昭和大学
50%
東邦大学
50%
金沢医科大学
50%
近畿大学
50%
国際医療福祉大学
33%
No matching quizzes found
Score Distribution
Percent of People with Each Score
Percentile by Number Answered
Your Score History
You have not taken this quiz